undertale bosses and minibosses by songs - Statistics

General Stats
  • This quiz has been taken 60 times
  • The average score is 10 of 11
Answer Stats
boss song boss % Correct
megalovania sans
100%
bonetrousle papyrus
98%
asgore asgore
96%
death by glamour mettaton
92%
hopes and dreams asriel
88%
battle against a true hero undyne
88%
heartache toriel
87%
ghost fight napstablook
83%
dummy! mad dummy
81%
your best nightmare omega flowey
79%
dogsong greater dog
65%
No matching quizzes found
Score Distribution
Percent of People with Each Score
Percentile by Number Answered
Your Score History
You have not taken this quiz